Statistics for Guess the charicters lines harry potter

Click here to take the quiz!

General Stats

  • This quiz has been taken 75 times
  • The average score is 8 of 15

Answer Stats

HintAnswer% Correct
Filfthy little moodbloodDraco
100%
Bloody hellRon
100%
Why is it always meNeville
85%
I am you potions teacherSnape
85%
I killed Sirius blackBellatrix
81%
Harry Potter did you put your name in the goblet of fireDumbledore
76%
Harry you will go with Draco and take fangHagrid
76%
I can touch you nowTom
56%
I'm saving Harry Potter and his friendsDobby
54%
You just as insane as I amLuna lovegood
51%
Stop stop stop your going to take someone's eye out besides your saying it wrongHermionie
22%
Hello Harry hahaMoaning myrtle
12%
Good to see you again hermionieNearly headless nick
5%
I really hate childrenUmbrige
3%
Why when something goes wrong it always has to be you threeMcgonagle
2%

Score Distribution

Percentile by Number Answered

Percent of People with Each Score

Your Score History

You have not taken this quiz